| 000 | 00497nam a2200205Ia 4500 | ||
|---|---|---|---|
| 999 |
_c62822 _d62822 |
||
| 003 | 0100 | ||
| 005 | 20170608144711.0 | ||
| 008 | 130303s9999 xx 000 0 und d | ||
| 020 | _a0435919261 | ||
| 040 | _cARRUPELIB | ||
| 050 | _aDT14.W3613 1978 | ||
| 100 |
_aWauthier, Claude _932385 |
||
| 245 | 4 | _aThe literature and thought of modern Africa | |
| 260 |
_bHeinemann _aLondon _c1978 |
||
| 300 | _a415p. | ||
| 300 | _b 23cm | ||
| 650 |
_aBlacks _xRace identity _96154 |
||
| 650 |
_aPolitics and Literature _zAfrica _932386 |
||
| 650 |
_aAfrica _xIntellectual life _932387 |
||
| 650 |
_aAfrica in literature _932388 |
||
| 942 |
_2lcc _cMONOGRAPH |
||